NFL Skill Positions 2025 - Statistics

General Stats
  • This quiz has been taken 593 times
    140 since last reset
  • The average score is 108 of 192
Answer Stats
Team Pos. Player % Correct
Buffalo Bills QB Josh Allen
100%
Buffalo Bills HB James Cook
96%
Houston Texans QB C.J Stroud
93%
Dallas Cowboys QB Dak Prescott
90%
Los Angeles Chargers WR Keenan Allen
89%
Atlanta Falcons QB Kirk Cousins
86%
Dallas Cowboys WR CeeDee Lamb
84%
Atlanta Falcons HB Bijan Robinson
83%
Chicago Bears QB Caleb Williams
83%
Dallas Cowboys WR George Pickens
83%
Detroit Lions WR Jameson Williams
83%
New York Jets WR Isiah Williams
82%
New England Patriots WR Kyle Williams
82%
Los Angeles Rams HB Kyren Williams
82%
Buffalo Bills TE Dalton Kincaid
81%
Minnesota Vikings HB Aaron Jones Sr
80%
Philadelphia Eagles WR DeVonta Smith
80%
Las Vegas Raiders QB Geno Smith
80%
Carolina Panthers QB Bryce Young
79%
San Francisco 49ers WR Demarcus Robinson
79%
New England Patriots QB Drake Maye
79%
Seattle Seahawks WR Jaxon Smith-Njigba
79%
New York Giants QB Jaxson Dart
79%
Kansas City Chiefs WR JuJu Smith-Schuster
79%
Tennessee Titans QB Cam Ward
78%
Miami Dolphins WR Jaylen Waddle
78%
New England Patriots WR Stefon Diggs
78%
Cincinnati Bengals HB Chase Brown
77%
Baltimore Ravens HB Derrick Henry
77%
New England Patriots TE Hunter Henry
77%
Buffalo Bills WR Khalil Shakir
77%
Baltimore Ravens QB Lamar Jackson
77%
Houston Texans WR Nico Collins
77%
Jacksonville Jaguars QB Trevor Lawrence
77%
Pittsburgh Steelers QB Aaron Rodgers
76%
Philadelphia Eagles WR A.J Brown
76%
Detroit Lions WR Amon-Ra St. Brown
76%
Tampa Bay Buccaneers QB Baker Mayfield
76%
Atlanta Falcons WR Drake London
76%
Seattle Seahawks QB Sam Darnold
76%
Cincinnati Bengals WR Tee Higgins
76%
Philadelphia Eagles QB Jalen Hurts
74%
Detroit Lions QB Jared Goff
74%
Minnesota Vikings QB JJ McCarthy
74%
Atlanta Falcons TE Kyle Pitts
74%
Tampa Bay Buccaneers WR Mike Evans
74%
Denver Broncos QB Bo Nix
73%
Kansas City Chiefs WR Hollywood Brown
73%
Detroit Lions HB Jahmyr Gibbs
73%
Cincinnati Bengals WR Ja'Marr Chase
73%
Cincinnati Bengals QB Joe Burrow
73%
Philadelphia Eagles HB Saquon Barkley
73%
San Francisco 49ers QB Brock Purdy
72%
Houston Texans WR Jayden Higgins
72%
Indianapolis Colts HB Jonathan Taylor
72%
Green Bay Packers QB Jordan Love
72%
Los Angeles Rams QB Matthew Stafford
72%
Cleveland Browns QB Shedeur Sanders
72%
Miami Dolphins HB De'Von Achane
71%
Kansas City Chiefs TE Travis Kelce
71%
Baltimore Ravens WR Zay Flowers
71%
Los Angeles Rams WR Puka Nacua
70%
San Francisco 49ers HB Christian McCaffrey
69%
Los Angeles Rams WR Davante Adams
69%
New York Jets QB Justin Fields
69%
Minnesota Vikings WR Justin Jefferson
69%
Las Vegas Raiders HB Ashton Jeanty
68%
Miami Dolphins WR Cedric Wilson Jr
68%
Pittsburgh Steelers WR D.K Metcalf
68%
Green Bay Packers HB Josh Jacobs
68%
Arizona Cardinals WR Michael Wilson
68%
Indianapolis Colts TE Tyler Warren
68%
Tampa Bay Buccaneers HB Bucky Irving
67%
Denver Broncos WR Courtland Sutton
67%
Pittsburgh Steelers HB Jaylen Warren
67%
Seattle Seahawks HB Kenneth Walker III
67%
Baltimore Ravens TE Mark Andrews
67%
New Orleans Saints HB Alvin Kamara
66%
Chicago Bears HB D'Andre Swift
66%
Chicago Bears WR DJ Moore
66%
Indianapolis Colts WR Michael Pittman Jr
66%
Carolina Panthers WR Tetairoa McMillan
66%
Jacksonville Jaguars HB Travis Etienne Jr
66%
New York Jets HB Breece Hall
65%
Las Vegas Raiders TE Brock Bowers
65%
Washington Commanders WR Terry McLaurin
65%
New England Patriots HB TreVeyon Henderson
65%
San Francisco 49ers TE George Kittle
64%
New Orleans Saints WR Chris Olave
63%
Arizona Cardinals QB Jacoby Brissett
63%
Dallas Cowboys TE Jake Ferguson
63%
Washington Commanders QB Marcus Mariota
63%
Arizona Cardinals TE Trey McBride
63%
Philadelphia Eagles TE Dallas Goedert
62%
Houston Texans TE Dalton Schultz
62%
Tampa Bay Buccaneers WR Emeka Egbuka
62%
Houston Texans HB Woody Marks
62%
Indianapolis Colts WR Alec Pierce
61%
Tampa Bay Buccaneers WR Chris Godwin Jr.
61%
Kansas City Chiefs HB Isiah Pacheco
61%
Tennessee Titans HB Tony Pollard
61%
Seattle Seahawks WR Cooper Kupp
60%
Miami Dolphins QB Quinn Ewers
60%
Carolina Panthers HB Rico Dowdle
60%
Houston Texans WR Christian Kirk
59%
Atlanta Falcons WR Darnell Mooney
59%
Cleveland Browns WR Jerry Jeudy
59%
Chicago Bears WR Rome Odunze
59%
Buffalo Bills WR Brandin Cooks
57%
Washington Commanders WR Deebo Samuel
57%
New Orleans Saints TE Juwan Johnson
57%
Los Angeles Chargers WR Quentin Johnson
57%
New Orleans Saints QB Spencer Rattler
57%
New York Giants TE Theo Johnson
57%
Chicago Bears TE Colston Loveland
56%
Minnesota Vikings WR Jordan Addison
56%
Jacksonville Jaguars WR Brian Thomas Jr
55%
San Francisco 49ers WR Jauan Jennings
55%
Los Angeles Chargers WR Ladd McConkey
55%
Cleveland Browns HB Quinshon Judkins
54%
New England Patriots WR Kayshon Boutte
53%
Miami Dolphins WR Malik Washington
53%
Jacksonville Jaguars WR Parker Washington
53%
Green Bay Packers WR Christian Watson
52%
Los Angeles Chargers HB Omarion Hampton
52%
Green Bay Packers WR Romeo Doubs
52%
Indianapolis Colts WR Josh Downs
51%
Minnesota Vikings TE T.J. Hockenson
51%
Kansas City Chiefs WR Xavier Worthy
51%
Baltimore Ravens WR DeAndre Hopkins
50%
Jacksonville Jaguars WR Jakobi Meyers
49%
Indianapolis Colts QB Riley Leonard
49%
Denver Broncos HB J.K. Dobbins
48%
Seattle Seahawks WR Rashid Shaheed
48%
San Francisco 49ers WR Ricky Pearsall
48%
New York Giants HB Tyrone Tracy Jr
48%
Carolina Panthers WR Xavier Legette
48%
Tampa Bay Buccaneers TE Cade Otton
47%
Denver Broncos TE Evan Engram
46%
Green Bay Packers WR Jayden Reed
45%
Baltimore Ravens WR Rashod Bateman
45%
Jacksonville Jaguars TE Brenton Strange
44%
Cleveland Browns TE Harold Fannin Jr
44%
Detroit Lions WR Isaac TeSlaa
44%
New York Giants WR Darius Slayton
41%
Philadelphia Eagles WR Jahan Dotson
41%
Buffalo Bills WR Joshua Palmer
41%
Chicago Bears WR Luther Burden III
41%
Seattle Seahawks TE AJ Barner
35%
Pittsburgh Steelers WR Calvin Austin III
34%
Tennessee Titans WR Chimere Dike
34%
New Orleans Saints WR Kevin Austin Jr
34%
Denver Broncos WR Troy Franklin
34%
Carolina Panthers WR Jalen Coker
33%
Los Angeles Rams TE Colby Parkinson
32%
Green Bay Packers TE Luke Musgrave
32%
Carolina Panthers TE Tommy Tremble
32%
Las Vegas Raiders WR Tre Tucker
32%
Dallas Cowboys HB Jaydon Blue
31%
Minnesota Vikings WR Jalen Nailor
30%
Dallas Cowboys WR Ryan Flournoy
30%
Cincinnati Bengals WR Andrei Iosivas
29%
Tennessee Titans TE Chig Okonkwo
29%
Los Angeles Chargers TE Oronde Gadsden
29%
Los Angeles Chargers QB Trey Lance
29%
Cleveland Browns WR Cedric Tillman
28%
Washington Commanders HB Chris Rodriguez Jr
28%
Pittsburgh Steelers TE Pat Freiermuth
28%
Pittsburgh Steelers WR Adam Thielen
27%
Cincinnati Bengals TE Noah Fant
27%
Tennessee Titans WR Elic Ayomanor
26%
Arizona Cardinals HB Michael Carter
26%
New York Jets WR Adonai Mitchell
23%
Cleveland Browns WR Isaiah Bond
23%
Miami Dolphins TE Greg Dulcich
19%
New York Jets WR John Metchie III
19%
Atlanta Falcons WR David Sills V
18%
Kansas City Chiefs QB Chris Oladokun
17%
Las Vegas Raiders WR Dont'e Thornton Jr
17%
Las Vegas Raiders WR Jack Bech
17%
Denver Broncos WR Pat Bryant
17%
Washington Commanders WR Treylon Burks
14%
New York Giants WR Isiah Hodgins
11%
New York Jets TE Jeremy Ruckert
11%
Washington Commanders TE Ben Sinnott
10%
Los Angeles Rams WR Konata Mumpfield
7%
New Orleans Saints WR Dante Pettis
6%
Detroit Lions TE Shane Zylstra
6%
New York Giants WR Gunner Olszewski
5%
Arizona Cardinals WR Jalen Brooks
3%
Arizona Cardinals WR Xavier Weaver
3%
Tennessee Titans WR James Proche II
2%
No matching quizzes found
Score Distribution
Percent of People with Each Score
Percentile by Number Answered
Your Score History
You have not taken this quiz since the last reset